000 00355 a2200157 4500
001 151023
040 _cEscola São Tomás de Aquino
100 _aCORRÊA, Silvia
240 1 0 _aUm mundo diferente
_lpor
245 1 0 _aUm mundo diferente
300 _a128
362 0 _a1991
440 1 _aNova Fronteira
697 _a*LITERATURA JUVENIL
942 _cBK
999 _c151023
_d151023